00431nam a2200169 a 45000010005000000030009000050080041000140400028000550820016000831000018000992450050001172600035001673000011002026500013002136500017002266500018002438047CO-ViMGA141112s2004 ck r 000 u spa d aCO-ViMGAbspacCO-ViMGA04a616.85 H6751 aHorney, Karen10aLa personalidad Neurótica de nuestro tiempo aBuenos Aires, cPaidos, c1971 a236.p.14aNEUROSIS14aPERSONALIDAD14aPSICOANALISIS